MARC

LEADER 00000nam a22000007a 4500
005 20170530011819.0
007 cr|||| ||||
008 170530s2016 mx |||||s|||| 00||0 spa d
020 |a 978-607-8463-12-1 
035 |a 20289 
040 |a vLex 
090 |c 6725  |d 6725 
100 1 |a Vargas Moreno, Mara̕ de los ℓngeles 
245 1 0 |a Fundamentos de contabilidad  |h [Recurso electrn̤ico] /  |c Mara̕ de los ℓngeles Vargas Moreno 
256 |a Servicio en ln̕ea 
260 |a Mx̌ico DF:  |b Instituto Mexicano de Contadores Pb︢licos,  |c 2016 
300 |a 1 recurso electrn̤ico 
500 |a El control de las actividades que desarrolla un ente econm̤ico hace necesario el registro de sus operaciones, el cual ayuda a emitir informes y buscar soluciones adecuadas, de ah ̕la importancia de tener buenas bases de contabilidad.Por lo anterior, este libro tiene la finalidad de ser un soporte para entender dicho registro, adems̀ de elaborar los estados financieros que sirvan como material didc̀tico para los maestros que imparten la asignatura de contabilidad bs̀ica, como es el caso de su autora, quien a lo largo de su trayectoria como maestra de contabilidad ha obteniendo excelentes resultados.Asimismo, esta obra pretende apoyar de manera prc̀tica a los alumnos que inician la carrera, ya que ejemplifica todo tipo de casos y facilita su comprensin̤.Esta edicin̤ contiene ejercicios completamente nuevos y diferentes a las versiones anteriores, adems̀ de informacin̤ complementaria que, sin duda, reforzar ̀los conceptos bs̀icos para su correcta aplicacin̤. 
506 1 |a Disponible solo en los productos indicados  |d vLex Global  |d vLex Global (Academic Edition, excluding Law Schools)  |d vLex Global (U.S. Academic Edition, Law Schools)  |d vLex Global (U.S. Academic Edition, excluding Law Schools)  |d vLex Global (Academic Edition, Law Schools) 
650 0 4 |a Derecho Mercantil y de la Empresa  |z Mx̌ico 
650 0 4 |a Contabilidad  |z Mx̌ico 
650 0 4 |a Derecho Pb︢lico y Administrativo  |z Mx̌ico 
650 0 4 |a Economa̕ y negocios  |z Mx̌ico 
650 0 4 |a Contabilidad  |z Mx̌ico 
740 0 |a vLex Libros (Servicio en ln̕ea) 
856 4 0 |u http://vlex.com/source/fundamentos-de-contabilidad-20289  |z Acceso restringido 
942 |c BOOK 
999 0 |a Commercial and Company Law 
999 0 |a Accounting 
999 0 |a Public and Administrative Law 
999 0 |a Economy and business 
999 0 |a Accounting